[Event "Montreal Pere Noel"]
[Site "Montreal"]
[Date "1986.12.30"]
[Round "5"]
[White "Charest, Johanne"]
[Black "Godin, Guy"]
[Result "0-1"]
[WhiteElo "1329"]
[BlackElo "1408"]
[PlyCount "76"]
[EventDate "1986.12.26"]
[EventType "swiss"]
[EventRounds "5"]
[EventCountry "CAN"]
[SourceTitle "EXT 2022"]
[Source "ChessBase"]
[SourceDate "2021.10.06"]
[SourceVersion "1"]
[SourceVersionDate "2021.10.06"]
[SourceQuality "1"]

1. e4 e6 2. Nc3 d5 3. exd5 exd5 4. d4 Nf6 5. Nf3 Nc6 6. Bb5 Be7 7. 0-0 0-0 8. Bf4 Bd7 9. Bg5 a6 10. Ba4 Bg4 11. h3 Bxf3 12. Qxf3 Nxd4 13. Qd3 c5 14. a3 h6 15. Bxf6 Bxf6 16. Qd2 b5 17. Bb3 c4 18. Ba2 Re8 19. Rab1 Ra7 20. b3 Rd7 21. a4 Be7 22. axb5 axb5 23. bxc4 dxc4 24. Qc1 Bg5 25. Qb2 Bf6 26. Qb4 Nxc2 27. Qb2 Nd4 28. Qc1 Ne2+ 29. Nxe2 Rxe2 30. Qa3 Rdd2 31. Bb3 cxb3 32. Qxb3 Qd4 33. Qxb5 Rxf2 34. Qe8+ Kh7 35. Qb8 Rxg2+ 36. Kh1 Be5 37. Qxe5 Qxe5 38. Rxf7 Qh2# 0-1